Answers Contain "Game" - Statistics

General Stats
  • This quiz has been taken 33 times
  • The average score is 9 of 23
Answer Stats
Hint Answer % Correct
1989 handheld game console by Nintendo Game Boy
97%
2012 dystopian action film based in Panem The Hunger Games
68%
2021–25 South Korean dystopian survival series Squid Game
65%
2001 video game console by Nintendo GameCube
55%
1983 techo-thriller starring Matthew Broderick WarGames
52%
2011–19 series based on A Song of Ice and Fire Game of Thrones
48%
1989 Chris Isaak song Wicked Game
48%
Video game retailer with stock symbol GME GameStop
42%
1992 film in which Harrison Ford is Jack Ryan Patriot Games
42%
2014 film about Alan Turing and Bletchley Park The Imitation Game
39%
1985 sci-fi novel by Orson Scott Card Ender's Game
35%
1997 David Fincher film starring Michael Douglas The Game
35%
1990 handheld game console by Sega Game Gear
32%
2018 Jason Bateman and Rachel McAdams comedy Game Night
32%
2017 film about a woman who runs a poker empire Molly's Game
26%
1992 award-winning Forest Whitaker film The Crying Game
26%
1954 musical with 1957 Doris Day film The Pajama Game
26%
2011 Sherlock Holmes sequel (subtitle) A Game of Shadows
23%
1997 Austrian film involving sadistic torture Funny Games
23%
1992 Stephen King novel about a cuffed woman Gerald's Game
23%
1932 film: A wealthy man hunts another for sport. The Most Dangerous Game
23%
1999 baseball film with Kevin Costner For Love of the Game
19%
1980 Peter Gabriel song with Kate Bush vocals Games Without Frontiers
19%
No matching quizzes found
Score Distribution
Percent of People with Each Score
Percentile by Number Answered
Your Score History
You have not taken this quiz